000 01013nam a2200265 i 4500
003 IT-RoINE
005 20190930082418.0
008 010622s2001 sp | r ||1 ||spa d
020 _a8447015785
040 _aSpMaBN
_cSpMaBN
_dIT-RoINE
110 2 _942494
_aComisión Europea (Bruselas, Bélgica)
245 1 0 _aTratado de Niza y versiones consolidadas de los Tratados de la Unión Europea y de la Comunidad Europea /
_cpreparación de la edición y estudio preliminar por Ricardo Alonso García.
260 _aMadrid :
_bCivitas,
_c2001.
300 _aLXIV, 313 p. ;
_c16 cm.
336 _2rdacontent
_atext
337 _2rdamedia
_aunmediated
338 _2rdacarrier
_avolume
490 1 _aBiblioteca de legislación ;
_v144.
_aSerie menor
500 _aIncluye índices.
610 2 4 _aUnión Europea
_xHistoria
_xFuentes
_962404
630 0 4 _aTratado de Niza (2001)
_962884
700 1 _aAlonso García, Ricardo
_962405
830 4 _aBiblioteca de legislación ;
_v144.
_pSerie menor
_962406
942 _cMTS
999 _c31818
_d31818